000 01556cam a2200421 a 4500
001 14675825
003 OSt
005 20260214020003.0
008 061219s2007 ne a b 001 0 eng
010 _a 2006102454
015 _aGBA707929
_2bnb
016 7 _a013655409
_2Uk
020 _a9780123705488
_qhardcover : alk. paper
020 _a0123705487
_qhardcover : alk. paper
020 _a9780123740137
_qpbk. : alk. paper
020 _a0123740134
_qpbk. : alk. paper
035 _a14675825
035 _a(OCoLC)77486013
040 _aDLC
_cmust
_dBAKER
_dUKM
_dBTCTA
_dC#P
_dYDXCP
_dDLC
050 0 0 _aTK5105.5
_b.P479 2007
082 0 0 _a004.6/5
_222
100 1 _aPeterson, Larry L.
_919537
245 1 0 _aComputer networks :
_ba systems approach /
_cLarry L. Peterson & Bruce S. Davie.
250 _a4th ed.
260 _aAmsterdam ;
_aBoston :
_bMorgan Kaufmann,
_cc2007.
300 _axxvii, 806 p. :
_bill. ;
_c25 cm.
336 _atext
_btxt
_2rdacontent
337 _aunmediated
_bn
_2rdamedia
338 _avolume
_bnc
_2rdacarrier
504 _aIncludes bibliographical references (p. [769]-783) and index.
650 0 _aComputer networks.
_919538
700 1 _aDavie, Bruce S.
_919539
856 4 2 _3Publisher description
_uhttp://www.loc.gov/catdir/enhancements/fy0704/2006102454-d.html
906 _a7
_bcbc
_corignew
_d1
_eecip
_f20
_gy-gencatlg
942 _2z
_cB_BANK
_01
999 _c9602
_d9602